000 00271nam a2200109Ia 4500
008 190216s9999||||xx |||||||||||||| ||und||
100 _aR R Umarji
245 0 _aProbability And Statistical Methods
260 _bAsia Publishing House
650 _aStatistics
942 _cBK
999 _c30546
_d30546